Dos dilucidaciones en torno a Alejo Carpentier /
Αποθηκεύτηκε σε:
| Κύριος συγγραφέας: | |
|---|---|
| Μορφή: | Άγνωστο |
| Γλώσσα: | Spanish |
| Θέματα: | |
| Ετικέτες: |
Προσθήκη ετικέτας
Δεν υπάρχουν, Καταχωρήστε ετικέτα πρώτοι!
|
MARC
| LEADER | 000000000a22000000004500 | ||
|---|---|---|---|
| 001 | 002363 | ||
| 041 | 0 | |a spa | |
| 100 | 1 | |a Márquez Rodríguez, Alexis | |
| 245 | 1 | 0 | |a Dos dilucidaciones en torno a Alejo Carpentier / |c Alexis Márquez Rodríguez. |
| 310 | |a bimestral | ||
| 500 | |a Pertenece a la sección "Alejo Carpentier" | ||
| 650 | 4 | |a CARPENTIER, ALEJO, 1904-1980 | |
| 650 | 4 | |a REAL MARAVILLOSO | |
| 650 | 4 | |a REALISMO MAGICO | |
| 650 | 4 | |a TIENTOS Y DIFERENCIAS | |
| 650 | 4 | |a HISTORIA LATINOAMERICANA | |
| 650 | 4 | |a LITERATURA CUBANA | |
| 650 | 4 | |a EL RECURSO DEL METODO | |
| 773 | 0 | |x 008-7157 |d Cuba : Casa de las Américas |t Casa de las Américas |g número 87 (1974), páginas 35-44 | |
| 942 | |c ARC | ||
| 999 | |c 9882 |d 9882 | ||
